[Event "July 23 Late 2024"]
[Site "Chess.com"]
[Date "2024.07.23"]
[Round "11.3"]
[White "Demidov, Mikhail"]
[Black "Carlsen, Magnus"]
[Result "0-1"]
[WhiteElo "3001"]
[BlackElo "3239"]
[PlyCount "78"]
[EventDate "2024.??.??"]
[WhiteTeam "FID"]
[BlackTeam "NOR"]
[TimeControl "180+1"]
[BlackClock "0:01:09"]

1. Nf3 {[%emt 0:00:02]} b6 {[%emt 0:00:04]} 2. g3 {[%emt 0:00:01]} Bb7 {[%emt 0:00:01]} 3. Bg2 {[%emt 0:00:01]} g6 {[%emt 0:00:00]} 4. O-O {[%emt 0:00:03]} Bg7 {[%emt 0:00:01]} 5. d3 {[%emt 0:00:02]} c5 {[%emt 0:00:03]} 6. c4 {[%emt 0:00:03]} Nc6 {[%emt 0:00:02]} 7. Nc3 {[%emt 0:00:03]} Nh6 {[%emt 0:00:04]} 8. Rb1 {[%emt 0:00:01]} Nf5 {[%emt 0:00:02]} 9. Bd2 {[%emt 0:00:02]} O-O {[%emt 0:00:02]} 10. a3 {[%emt 0:00:00]} d6 {[%emt 0:00:01]} 11. b4 {[%emt 0:00:03]} Qd7 {[%emt 0:00:01]} 12. bxc5 $146 {[%emt 0:00:07]} ({RR} 12. e3 e6 13. Qe2 Rfd8 14. Rfc1 Rac8 15. Be1 Ba8 {½-½ (15) Gulko,B (2615)-Miles,A (2630) Las Palmas 1996}) 12... dxc5 {[%emt 0:00:01]} 13. Nd5 {[%emt 0:00:26]} e6 {[%emt 0:00:07]} 14. Ne3 {[%emt 0:00:01]} Nfd4 {[%emt 0:00:09]} 15. Nc2 {[%emt 0:00:13]} Nxc2 {[%emt 0:00:07]} 16. Qxc2 {[%emt 0:00:01]} e5 {[%emt 0:00:01]} 17. Bc3 {[%emt 0:00:06]} Nd4 {[%emt 0:00:06]} 18. Bxd4 {[%emt 0:00:02]} exd4 {[%emt 0:00:00]} 19. Nd2 {[%emt 0:00:07]} Rfe8 {[%emt 0:00:08]} 20. Rfe1 {[%emt 0:00:02]} Bxg2 {[%emt 0:00:02]} 21. Kxg2 {[%emt 0:00:01]} Re6 {[%emt 0:00:02]} 22. Nf3 {[%emt 0:00:11]} Rae8 {[%emt 0:00:02]} 23. a4 {[%emt 0:00:05]} a5 {[%emt 0:00:09]} 24. Rb2 {[%emt 0:00:05]} Bf6 {[%emt 0:00:03]} 25. Qd1 {[%emt 0:00:08]} Bd8 {[%emt 0:00:02]} 26. Nd2 {[%emt 0:00:06]} g5 {[%emt 0:00:05]} 27. Kg1 {[%emt 0:00:14]} f5 {[%emt 0:00:07]} 28. Nf1 {[%emt 0:00:04]} f4 {[%emt 0:00:01]} 29. e4 {[%emt 0:00:57]} dxe3 {[%emt 0:00:02]} 30. fxe3 {[%emt 0:00:01]} Bf6 {[%emt 0:00:03]} 31. Rf2 {[%emt 0:00:06]} fxe3 {[%emt 0:00:04]} 32. Rxe3 {[%emt 0:00:02]} Bd4 {[%emt 0:00:03]} 33. Rxe6 {[%emt 0:00:02]} Qxe6 {[%emt 0:00:01]} 34. Qh5 {[%emt 0:00:02]} Bxf2+ {[%emt 0:00:03]} 35. Kxf2 {[%emt 0:00:01]} Rf8+ {[%emt 0:00:01]} 36. Kg2 {[%emt 0:00:03]} Qc6+ {[%emt 0:00:27]} 37. Kg1 {[%emt 0:00:02]} Qf6 {[%emt 0:00:01]} 38. Qe2 {[%emt 0:00:01]} Qf3 {[%emt 0:00:01]} 39. Qe6+ {[%emt 0:00:03]} Qf7 {[%emt 0:00:12]} 0-1

[Event "Olympiad-41"]
[Site "Tromsoe"]
[Date "2014.08.10"]
[Round "8.1"]
[White "Predojevic, Borki"]
[Black "Carlsen, Magnus"]
[Result "0-1"]
[WhiteElo "2604"]
[BlackElo "2877"]
[PlyCount "96"]
[EventDate "2014.08.02"]
[EventType "team-swiss"]
[EventRounds "11"]
[EventCountry "NOR"]
[SourceTitle "CBM 162"]
[Source "ChessBase"]
[SourceDate "2014.09.17"]
[SourceVersion "1"]
[SourceVersionDate "2014.09.17"]
[SourceQuality "1"]
[WhiteTeam "Bosnia&Herzegovina"]
[BlackTeam "Norway"]
[WhiteTeamCountry "BIH"]
[BlackTeamCountry "NOR"]

1. Nf3 c5 2. c4 Nc6 3. g3 g6 4. Bg2 Bg7 5. Nc3 d6 6. O-O e6 7. d3 Nge7 8. Bd2 b6 9. Qc1 h6 10. a3 Bb7 11. Rb1 Qd7 12. b4 Rd8 13. Nb5 $146 ({RR} 13. Ne4 f5 14. Nc3 g5 15. h4 g4 16. Ne1 Nd4 17. e4 Ng6 18. f3 Ne5 19. f4 Nec6 20. Nc2 Nxc2 21. Qxc2 Nd4 22. Qd1 O-O 23. Ne2 Nf3+ 24. Rxf3 gxf3 25. Bxf3 fxe4 26. dxe4 d5 27. cxd5 exd5 {Urbanc,P (2280)-Markoja,B (2432) Slovenia 2018 0-1 (42)}) 13... Ba8 14. Rd1 g5 15. Bc3 e5 16. Ba1 Nd4 17. Nbxd4 cxd4 18. e3 Qf5 19. Ne1 Bxg2 20. Nxg2 O-O 21. exd4 exd4 22. Qd2 Ng6 23. f4 Rfe8 24. Rf1 g4 25. Rbe1 Bf6 26. Rxe8+ Rxe8 27. Re1 Re6 28. Bb2 Ne7 29. Rxe6 fxe6 30. Qe2 Kf7 31. Ne1 h5 32. Bc1 b5 33. cxb5 Qxb5 34. h3 gxh3 35. Kh2 Qf5 36. Bd2 Qg4 37. Nf3 Nf5 38. Be1 Ne3 39. Ng1 Qxe2+ 40. Nxe2 Nc2 41. Bd2 Nxa3 42. Kxh3 Nb1 43. Be1 Nc3 44. Nc1 Nd5 45. Ne2 Ne3 46. Bf2 Nc2 47. b5 e5 48. g4 e4 0-1

[Event "Ronne Jubilaum"]
[Site "Ronne"]
[Date "2001.06.24"]
[Round "1"]
[White "Carlsen, Magnus"]
[Black "Loginov, Valery A"]
[Result "0-1"]
[WhiteElo "2288"]
[BlackElo "2499"]
[PlyCount "84"]
[EventDate "2001.06.24"]
[EventType "swiss"]
[EventRounds "9"]
[EventCountry "DEN"]
[SourceTitle "EXT 2023"]
[Source "ChessBase"]
[SourceDate "2022.10.05"]
[SourceVersion "1"]
[SourceVersionDate "2022.10.05"]
[SourceQuality "1"]

1. c4 g6 2. Nc3 c5 3. Nf3 Bg7 4. g3 Nc6 5. Bg2 d6 6. O-O Nh6 7. d3 Nf5 8. Rb1 ({RR} 8. e3 O-O 9. a3 a6 10. Qc2 Rb8 11. Nd2 Bd7 12. b3 b5 13. Bb2 bxc4 14. dxc4 Ne5 15. Rab1 h5 16. h3 Qc8 17. Nde4 Bc6 18. Rfd1 e6 19. Bc1 Rd8 20. Ne2 d5 21. cxd5 exd5 22. Nxc5 d4 {Granda Zuniga,J (2640)-Leon Hoyos,M (2569) Quito 2012 1-0 (79)}) 8... h5 9. h3 ({RR} 9. h4 O-O 10. a3 Bd7 11. Bd2 a5 12. Ne4 ({RR} 12. Ne1 e5 13. Nc2 a4 14. Ne3 Nxe3 15. Bxe3 Nd4 16. Bxb7 Ra7 17. Bg2 Be6 18. Bxd4 exd4 19. Nxa4 Bd7 20. b3 Qa5 21. Qc2 Bh6 22. Bd5 Re8 23. Rfe1 Bg4 24. Kf1 Rae7 25. b4 Qc7 26. Bf3 Bh3+) 12... a4 13. Nc3 Ncd4 14. Nxd4 cxd4 15. Ne4 Bc6 16. Bb4 d5 17. cxd5 Bxd5 18. Nd2 Bxg2 19. Kxg2 Qd5+ 20. Kg1 Be5 21. Ne4 Nd6 22. Ng5 f6 23. Nf3 f5 {Bagamasbad,E (1975)-Maryasin,B (2217) Gallipoli ITA 2025 1-0 (39)}) 9... Bd7 10. e4 $146 ({RR} 10. Nd5 a6 11. a3 b5 12. b4 cxb4 13. axb4 Rb8 14. Bd2 e6 15. Ne3 Nfd4 16. Nxd4 Nxd4 17. Nc2 h4 18. Nxd4 Bxd4 19. g4 Qb6 20. Qb3 f5 21. g5 O-O 22. Bc3 Rbc8 23. Bxd4 Qxd4 24. cxb5 axb5 {Dimov,D (1763)-Stojanov,A (2121) Teteven 2016 0-1 (32)}) 10... Nfd4 11. Nxd4 Nxd4 12. Ne2 Nc6 13. Be3 Qc8 14. Kh2 Rb8 15. f4 b5 16. cxb5 Rxb5 17. d4 h4 18. g4 Qb8 19. b3 cxd4 20. Nxd4 Nxd4 21. Bxd4 e5 22. Bb2 O-O 23. f5 d5 24. exd5 e4+ 25. Kh1 Bxb2 26. Rxb2 Qe5 27. Qe2 Rb4 28. Qe1 Bb5 29. Rg1 a5 30. a3 Rd4 31. fxg6 fxg6 32. Qxh4 g5 33. Qe1 e3 34. Qc3 e2 35. Rbb1 Rxd5 36. Bxd5+ Qxd5+ 37. Kh2 Rf3 38. Qc8+ Kg7 39. Qc7+ Kh6 40. Rg2 Rf1 41. Rc1 Rxc1 42. Qxc1 Qe5+ 0-1

[Event "San Fermin Masters Final"]
[Site "chess24.com INT"]
[Date "2021.07.10"]
[Round "1.4"]
[White "Iturrizaga Bonelli, Eduardo"]
[Black "Carlsen, Magnus"]
[Result "1/2-1/2"]
[WhiteElo "2607"]
[BlackElo "2847"]
[PlyCount "115"]
[EventDate "2021.07.10"]
[EventType "k.o."]
[EventRounds "3"]
[EventCountry "ESP"]
[SourceTitle "CBM 203 Extra"]
[Source "ChessBase"]
[SourceDate "2021.09.30"]
[SourceVersion "1"]
[SourceVersionDate "2021.09.30"]
[SourceQuality "1"]

1. c4 g6 2. g3 Bg7 3. Bg2 c5 4. Nc3 Nc6 5. Nf3 d6 6. a3 Qd7 7. Rb1 ({RR} 7. b4 Nxb4 8. Bb2 Nc6 9. e3 Nf6 10. d4 cxd4 11. Nxd4 O-O 12. O-O Na5 13. Qe2 e5 14. Nf3 Qc7 15. Nd2 Bd7 16. Rac1 Rac8 17. a4 Rfd8 18. Ba3 a6 19. h3 Bc6 20. e4 Qd7 21. Bb4 b6 {Dziuba,M (2567)-Gharamian,T (2657) Germany 2015 0-1 (58)}) ({RR} 7. O-O b6 8. e3 Ba6 9. b3 e6 10. Bb2 Nge7 11. d4 O-O 12. Re1 Rad8 13. d5 exd5 14. cxd5 Na5 15. Qc2 h6 16. Rad1 g5 17. Ne4 f6 18. Nc3 Qe8 19. Ba1 Ng6 20. Bh3 Bc8 21. Bxc8 Rxc8 {Martinez Alcantara,J (2611)-Chinguun,S (2415) London ENG 2025 1-0 (58)}) 7... b6 8. d3 Bb7 9. O-O Nh6 $146 ({RR} 9... Bxc3 10. bxc3 f5 11. Qd2 Nf6 12. d4 Na5 13. Qa2 Be4 14. Rb2 Qa4 15. Ng5 Bxg2 16. Kxg2 Qxc4 17. Ne6 Nd5 18. dxc5 Qe4+ 19. Kg1 Qxe6 20. Rd1 Nc7 21. cxd6 exd6 22. Qxe6+ Nxe6 23. Rxd6 Ke7 24. Rbd2 {Skrondal,I-Carlsen,M (2214) Kiel 2002 0-1}) 10. e4 O-O 11. h3 f5 12. Re1 fxe4 13. Nxe4 Nf5 14. b4 Ncd4 15. bxc5 dxc5 16. Nxc5 Bxf3 17. Nxd7 Bxd1 18. Nxf8 Rxf8 19. Rxd1 Ne2+ 20. Kh2 Nc3 21. Bd2 Nxb1 22. Rxb1 Bd4 23. Be1 Bc5 24. a4 Nd4 25. Be4 Nc2 26. f3 Nxe1 27. Rxe1 Kg7 28. Kg2 g5 29. Bd5 Bd6 30. d4 Rf5 31. Re6 h6 32. Re2 Kf6 33. Re6+ Kg7 34. Re1 Kf6 35. Rb1 h5 36. Rb5 h4 37. g4 Rf4 38. Be4 e6 39. a5 Bc7 40. axb6 axb6 41. c5 bxc5 42. dxc5 Ke7 43. c6 e5 44. Rd5 Bd6 45. Ra5 Bc7 46. Ra8 Rf8 47. Rxf8 Kxf8 48. Kf2 Ke7 49. Bf5 Kd6 50. Bd7 Kd5 51. Ke3 Bb6+ 52. Kd3 Bc7 53. Be8 Bb8 54. Bf7+ Kxc6 55. Ke4 Ba7 56. Kxe5 Be3 57. Ke4 Bf4 58. Kd3 1/2-1/2

[Event "NOR-chT"]
[Site "Asker"]
[Date "2003.05.31"]
[Round "4"]
[White "Hole, Oystein"]
[Black "Carlsen, Magnus"]
[Result "1/2-1/2"]
[WhiteElo "2247"]
[BlackElo "2315"]
[PlyCount "114"]
[EventDate "2003.05.28"]
[EventType "team"]
[EventRounds "5"]
[EventCountry "NOR"]
[SourceTitle "CBM 094 Extra"]
[Source "ChessBase"]
[SourceDate "2003.07.09"]
[SourceVersion "2"]
[SourceVersionDate "2003.07.09"]
[SourceQuality "1"]

1. Nf3 c5 2. c4 Nc6 3. e4 e5 4. Nc3 d6 5. g3 g6 6. d3 Bg7 7. Bg2 Nge7 8. O-O O-O 9. Be3 Nd4 ({RR} 9... Rb8 10. a3 Nd4 11. b4 Bg4 12. Nd5 Nxd5 13. exd5 b6 14. Bxd4 cxd4 15. h3 Bd7 16. Re1 Qc7 17. Qd2 a5 18. Kh2 Ra8 19. h4 h6 20. Bh3 f5 21. Ng1 Rae8 22. Rac1 Kh7 23. Bg2 Bf6 24. Nh3 {Ivakhin,M (2374)-Gutman,G (2508) Pardubice 2005 ½-½ (35)}) 10. Ne1 ({RR} 10. Nd5 Bg4 11. Bxd4 cxd4 12. Qd2 h6 13. Ne1 Be6 14. Nc2 f5 15. Rab1 Qd7 16. f4 Bxd5 17. exd5 Kh7 18. Kh1 Rac8 19. b3 Ng8 20. Rbe1 Rfe8 21. Re2 h5 22. fxe5 dxe5 23. Bh3 Nh6 24. Ne1 Nf7 {Hanya Shah (1773)-Gomes,M (2278) Ahmedabad IND 2025 0-1 (44)}) 10... Be6 11. h3 $146 ({RR} 11. Rb1 Nec6 12. Nd5 Rb8 13. Qd2 b5 14. cxb5 Rxb5 15. Nc2 Nxc2 16. Qxc2 Nb4 {½-½ (16) Voelzke,F (2221)-Nickel,A (2070) Eckernfoerde 2001}) 11... Qd7 12. Kh2 f5 13. exf5 gxf5 14. f4 exf4 15. Bxf4 Ng6 16. Nd5 Kh8 17. Nc2 Bxd5 18. Bxd5 Nxf4 19. gxf4 Rae8 20. Nxd4 Bxd4 21. Qh5 Qg7 22. Rae1 Rxe1 23. Rxe1 Bf2 24. Rf1 Bg3+ 25. Kh1 Qxb2 26. Bg2 Rg8 27. Qxf5 Bxf4 28. Qe4 Be5 29. Rf7 Qc1+ 30. Bf1 Qh6 31. Qxb7 Qg6 32. Bg2 Qxd3 33. Qxa7 d5 34. Qxc5 Qg3 35. Qg1 dxc4 36. Rf3 Qg6 37. Qf2 c3 38. Rf5 Qd6 39. Qc2 Rd8 40. Rf1 Qd3 41. Qxd3 Rxd3 42. Be4 Rxh3+ 43. Kg2 Rh2+ 44. Kf3 Rxa2 45. Rh1 Ra7 46. Rh5 Bd6 47. Rd5 Rf7+ 48. Ke3 Bf4+ 49. Kd3 Bd2 50. Bf5 Rf8 51. Rc5 Rf7 52. Rd5 Kg7 53. Rd7 Rxd7+ 54. Bxd7 Kf6 55. Ba4 Kg5 56. Ke2 Kg4 57. Kf2 h5 1/2-1/2

[Event "FIDE Chess.com Grand Swiss"]
[Site "Douglas"]
[Date "2019.10.12"]
[Round "3"]
[White "Carlsen, Magnus"]
[Black "Kasimdzhanov, Rustam"]
[Result "1/2-1/2"]
[WhiteElo "2876"]
[BlackElo "2657"]
[PlyCount "109"]
[EventDate "2019.10.10"]
[EventType "swiss"]
[EventRounds "11"]
[EventCountry "IOM"]
[SourceTitle "CBM 193"]
[Source "ChessBase"]
[SourceDate "2019.12.31"]
[SourceVersion "1"]
[SourceVersionDate "2019.12.31"]
[SourceQuality "1"]

1. c4 {Yuffa,Daniil} c5 2. g3 g6 3. Bg2 Bg7 4. Nc3 Nc6 5. Nf3 e6 6. h4 ({RR} 6. O-O Nge7 7. d3 ({RR} 7. a3 d5 8. b4 cxb4 ({RR} 8... dxc4 9. bxc5 e5) 9. axb4 dxc4 10. b5 Nd4 11. Nxd4 Bxd4 12. Qa4) ({RR} 7. d4 cxd4 8. Nb5 O-O 9. Nbxd4 d5) ({RR} 7. e3 O-O 8. d4 cxd4 9. Nxd4 d5) 7... O-O 8. Bd2 d5 9. a3 b6 10. Rb1 Bb7 11. b4 cxb4 12. axb4 dxc4 13. dxc4 Rc8 14. c5 bxc5 15. bxc5 Na5) 6... Nf6 ({RR} 6... h6 7. d3 Nge7 8. Bd2 ({RR} 8. h5 g5 9. Nxg5 hxg5 10. Bxg5 f6 11. Be3 d6 12. h6 Bf8 13. g4 Ne5)) ({RR} 6... d5 7. h5 Nge7 8. d3 ({RR} 8. h6 Bf6) 8... h6 9. hxg6 fxg6 10. cxd5 exd5 11. Qb3 ({RR} 11. e4 d4 12. Ne2 g5) 11... b6 ({RR} 11... Bg4 12. Qxb7 Rb8 13. Qa6 Qd7 14. O-O O-O 15. Nh2 Be6) 12. d4 Bg4) 7. d4 ({RR} 7. d3 d5 8. Bg5 h6 9. Bxf6 Bxf6 10. Nd2 O-O ({RR} 10... d4 11. Bxc6+ bxc6 12. Nce4 Be7 13. f4)) 7... cxd4 ({RR} 7... O-O 8. dxc5 Qa5 9. Bf4 Rd8 ({RR} 9... Qxc5 10. Bd6 Qxc4 11. Bxf8 Bxf8 12. O-O d5 13. a3) 10. O-O Qxc5 11. Bc7 Re8 12. Nb5) 8. Nxd4 O-O 9. O-O d5 10. cxd5 ({RR} 10. Nxc6 bxc6 11. Qa4 Qb6) 10... Nxd5 ({RR} 10... exd5 {RR} 11. Be3 Re8 12. Nb3 Rxe3) 11. Bg5 $146 ({RR} 11. Nxc6 bxc6 12. Bd2 Nxc3 13. Bxc3 Bxc3 14. bxc3 Ba6 15. Qc2 Qa5 16. Rfd1 Qc5 ({RR} 16... Rad8 17. Bxc6 Rc8) 17. Rd7 Rad8 18. Rad1 Rxd7 19. Rxd7 Bc4 20. Qd2 ({RR} 20. a4 Bd5 21. Qd2 a5) 20... a5 21. Bf3 Qa3 22. h5 Qxa2 23. Qd4 c5 ({RR} 23... gxh5 24. Qh4 Qb1+ ({RR} 24... Qa1+ 25. Kg2 Qxc3 26. Rd4 Bd5 27. Qg5+ Kh8 28. Qf6+ Kg8 29. Bxd5 cxd5 30. Rg4+) 25. Kg2 Qb5 26. Bxh5 Qe5 ({RR} 26... Bxe2)) 24. Qe3 a4 ({RR} 24... Qa4 25. Rc7 Qd1+ 26. Kg2) 25. Kg2 Qb1 {Giri,A (2771)-So,W (2812) Stavanger 2017 CBM 179 [Yuffa,Daniil] ½-½ (59)}) 11... Qa5 ({RR} 11... f6 12. Bc1 Nxd4 13. Nxd5 Nc6 14. Nc3) 12. Nb3 Nxc3 13. Nxa5 Nxd1 14. Nxc6 Nxb2 15. Ne7+ Kh8 16. Rac1 Bd7 17. Bxb7 Rab8 18. Rc7 Bb5 19. Bf3 a6 20. Rfc1 h6 21. Be3 Rbd8 22. Kg2 Kh7 23. Nc6 Rc8 24. Na7 Rxc7 25. Rxc7 Kg8 26. Nxb5 axb5 27. h5 g5 28. Rb7 Nc4 29. Bc5 Ra8 30. Be4 Be5 31. Bb1 Bd6 32. Ba7 Bf8 33. f4 gxf4 34. gxf4 Na5 35. Rd7 Nc6 36. Bf2 Nb4 37. f5 exf5 38. Rd2 Be7 39. Be1 f4 40. Rd7 Bf8 41. Kf1 Bc5 42. Rb7 Nxa2 43. Rxb5 Bd4 44. Rb3 Kg7 45. Rd3 Bf6 46. Bd2 Ra4 47. Rd7 Kg8 48. Rc7 Rd4 49. Bxa2 Rxd2 50. Bxf7+ Kf8 51. Bc4 Bg5 52. Kf2 Rc2 53. Kf3 Rc3+ 54. Ke4 f3 55. exf3 1/2-1/2

[Event "Grenke Chess Classic 6th"]
[Site "Karlsruhe/Baden Baden"]
[Date "2019.04.29"]
[Round "9"]
[White "Carlsen, Magnus"]
[Black "Vachier Lagrave, Maxime"]
[Result "1-0"]
[WhiteElo "2845"]
[BlackElo "2773"]
[PlyCount "85"]
[EventDate "2019.04.20"]
[EventType "tourn"]
[EventRounds "9"]
[EventCountry "GER"]
[EventCategory "19"]
[SourceTitle "CBM 190"]
[Source "ChessBase"]
[SourceDate "2019.06.30"]
[SourceVersion "1"]
[SourceVersionDate "2019.06.30"]
[SourceQuality "1"]

1. c4 c5 2. g3 g6 3. Bg2 Bg7 4. Nc3 Nc6 5. Nf3 d6 6. O-O Bf5 7. h3 Nf6 8. d3 O-O 9. Be3 ({RR} 9. a3 a6 10. Rb1 Rb8 11. b4 cxb4 12. axb4 b5 13. cxb5 axb5 14. e4 Be6 15. Bd2 Nd7 16. Kh2 Nde5 17. Nxe5 dxe5 18. Be3 Nd4 19. Nd5 Bxd5 20. exd5 Qd6 21. Qd2 Rfc8 22. Rfc1 e6 23. Bxd4 exd4 {Carlsen,M (2872)-Vachier Lagrave,M (2780) London 2019 ½-½ (72)}) ({RR} 9. a3 Rb8 10. Rb1 a6 11. b4 cxb4 12. axb4 b5 13. cxb5 axb5 14. Be3 Qd7 15. g4 Be6 16. Ng5 Rfc8 17. Nxe6 Qxe6 18. Qd2 Qd7 19. Rfc1 e6 20. g5 Ne8 21. Ne4 Nd4 22. Bxd4 Bxd4 23. e3 Bg7 {Villca,J (2413)-Coro,L (2415) Montevideo URU 2025 ½-½}) 9... a6 10. Qd2 b5 $146 ({RR} 10... Rb8 11. Bh6 Nd4 12. Nh4 Bd7 13. Bxg7 Kxg7 14. e3 Nf5 15. Nf3 e6 16. Ne4 Bc6 17. Qc3 e5 18. Ned2 b5 19. b3 Kg8 20. Rfe1 Re8 21. Rad1 Qb6 22. g4 Ng7 23. d4 exd4 24. exd4 Ne4 25. Nxe4 {Vachier Lagrave,M (2770)-Baron,T (2529) Caleta 2020 1-0 (39)}) ({RR} 10... Rb8 11. Bh6 Nd4 12. Nh4 Bd7 13. Bxg7 Kxg7 14. e3 Nf5 15. Nf3 e6 16. Ne4 Bc6 17. Qc3 e5 18. Ned2 b5 19. b3 Kg8 20. Rfe1 Re8 21. Rad1 Qb6 22. g4 Ng7 23. d4 exd4 24. exd4 Ne4 25. Nxe4 {Vachier Lagrave,M (2770)-Baron,T (2529) Caleta 2020 1-0 (39)}) 11. cxb5 axb5 12. Nxb5 Qa5 13. Nc3 Rab8 14. Rfc1 Rfc8 15. b3 e5 16. Bh6 Nd4 17. Bxg7 Nxf3+ 18. exf3 Kxg7 19. f4 Qa6 20. fxe5 dxe5 21. Na4 Nd7 22. Rc3 Rb4 23. g4 Be6 24. Nxc5 Nxc5 25. Rxc5 Rxb3 26. Rxc8 Bxc8 27. Rc1 Rxd3 28. Qe2 Be6 29. Qxe5+ Kg8 30. Rb1 Rd8 31. Rb8 Rxb8 32. Qxb8+ Kg7 33. Bd5 Bxd5 34. Qe5+ f6 35. Qxd5 h5 36. gxh5 gxh5 37. Qd7+ Kg6 38. a4 Qe2 39. Qd5 f5 40. a5 f4 41. Kg2 Kh6 42. Qf5 Qc4 43. Kf3 1-0

[Event "London Classic 11th"]
[Site "London"]
[Date "2019.12.04"]
[Round "1.8"]
[White "Carlsen, Magnus"]
[Black "Vachier Lagrave, Maxime"]
[Result "1/2-1/2"]
[WhiteElo "2872"]
[BlackElo "2780"]
[PlyCount "144"]
[EventDate "2019.12.02"]
[EventType "k.o."]
[EventRounds "2"]
[EventCountry "ENG"]
[SourceTitle "CBM 194"]
[Source "ChessBase"]
[SourceDate "2020.01.27"]
[SourceVersion "1"]
[SourceVersionDate "2020.01.27"]
[SourceQuality "1"]

1. c4 c5 2. g3 g6 3. Bg2 Bg7 4. Nc3 Nc6 5. Nf3 d6 6. O-O Bf5 7. h3 Nf6 8. d3 O-O 9. a3 a6 10. Rb1 Rb8 11. b4 cxb4 12. axb4 b5 13. cxb5 axb5 14. e4 Be6 $146 ({RR} 14... Bd7 15. d4 Qc8 16. Kh2 Nxd4 17. Nxd4 Qxc3 18. Bb2 Qc7 19. Rc1 Qb6 20. Nb3 Be6 21. Na5 Rfc8 22. Qd2 Bc4 23. Rfe1 Nd7 24. Bxg7 Kxg7 25. f4 Nf8 26. e5 dxe5 27. Rxe5 Ne6 28. f5 Qd4 29. Qxd4 {Dehtiarov,R (2300)-Anton Guijarro,D (2690) chess.com INT 2023 ½-½ (57)}) ({RR} 14... Bd7 15. Qb3 e5 16. Be3 Ne8 17. Nd5 Kh8 18. Rbc1 Ne7 19. Nc3 h6 20. d4 Be6 21. Qb2 f5 22. dxe5 fxe4 23. Nxe4 Bd5 24. Qd4 Ba8 25. Nh4 Bxe5 26. Qa7 Rb7 27. Qa2 Bg7 28. Qe6 d5 29. Rfd1 {Schitco,I (2483)-Thorhallsson,S (2202) Blonduos ISL 2025 1-0 (40)}) ({RR} 14... Bd7 15. d4 Qc8 16. Kh2 Nxd4 17. Nxd4 Qxc3 18. Bb2 Qc7 19. Rc1 Qb6 20. Nb3 Be6 21. Na5 Rfc8 22. Qd2 Bc4 23. Rfe1 Nd7 24. Bxg7 Kxg7 25. f4 Nf8 26. e5 dxe5 27. Rxe5 Ne6 28. f5 Qd4 29. Qxd4 {Dehtiarov,R (2300)-Anton Guijarro,D (2690) chess.com INT 2023 ½-½ (57)}) 15. Bd2 Nd7 16. Kh2 Nde5 17. Nxe5 dxe5 18. Be3 Nd4 19. Nd5 Bxd5 20. exd5 Qd6 21. Qd2 Rfc8 22. Rfc1 e6 23. Bxd4 exd4 24. Rc6 Rxc6 25. dxc6 h5 26. h4 Bf6 27. Kg1 Ra8 28. Qc2 Be7 29. Qc5 Qxc5 30. bxc5 Rb8 31. c7 Rc8 32. Rxb5 Rxc7 33. c6 Kg7 34. Ra5 Bd6 35. Ra8 Kf6 36. Be4 Ke7 37. Kg2 Bc5 38. Kh3 Kd6 39. Kg2 Ra7 40. Rd8+ Ke7 41. Rb8 Rc7 42. Kf1 Kd6 43. Ke2 Ba7 44. Rd8+ Ke7 45. Ra8 Bc5 46. Kd1 Bb4 47. Ke2 Bc3 48. Kf1 Bb4 49. Kg2 Bc3 50. Ra4 Kd6 51. Kh3 Ke7 52. Bg2 Be1 53. Ra2 Bb4 54. g4 hxg4+ 55. Kxg4 Bd6 56. Rb2 Kf6 57. Rb7 Kg7 58. Rb5 f5+ 59. Kh3 g5 60. hxg5 Kg6 61. Rb7 Kxg5 62. Rxc7 Bxc7 63. Bf3 Bd6 64. Bd1 Kf4 65. Kg2 e5 66. Kf1 e4 67. Ke2 Bc7 68. Bb3 Bd6 69. Be6 Bc7 70. Bd7 Bd6 71. Be6 Bc7 72. Bd7 Bd6 1/2-1/2

[Event "EU-Cup 19th"]
[Site "Rethymno"]
[Date "2003.10.03"]
[Round "6.1"]
[White "Jeremic, Veljko"]
[Black "Carlsen, Magnus"]
[Result "1-0"]
[WhiteElo "2467"]
[BlackElo "2385"]
[PlyCount "55"]
[EventDate "2003.09.28"]
[EventType "team-swiss"]
[EventRounds "7"]
[EventCountry "GRE"]
[SourceTitle "CBM 098"]
[Source "ChessBase"]
[SourceDate "2004.02.03"]
[SourceVersion "1"]
[SourceVersionDate "2004.02.03"]
[SourceQuality "1"]
[WhiteTeam "Glasinac"]
[BlackTeam "Asker"]
[WhiteTeamCountry "BIH"]
[BlackTeamCountry "NOR"]

1. Nf3 Nf6 2. g3 g6 3. Bg2 Bg7 4. O-O O-O 5. d3 d6 6. c4 c5 7. Nc3 Nc6 8. Rb1 Rb8 9. Ne1 ({RR} 9. b3 b6 10. Bb2 Bb7 11. Qd2 d5 12. e3 e6 13. Rfd1 Nb4 14. Qe2 Qe7 15. a3 Nc6 16. cxd5 exd5 17. d4 Rfd8 18. dxc5 bxc5 19. Ba1 Ba8 20. Qe1 h6 21. h4 Qe6 22. Ne2 Ne7 23. Nf4 Qa6 {Radjabov,T (2747)-Assaubayeva,B (2440) Krasnogorsk RUS 2023 1-0}) ({RR} 9. b3 b6 10. Bb2 Bb7 11. Qd2 Qd7 12. e4 Ne8 13. Nd5 Ne5 14. Ne1 e6 15. Ne3 f5 {½-½ (15) Cruz,F (2226)-Serrano Batova,V (2228) Rubi ESP 2025}) 9... Bd7 10. Nc2 Qc8 $146 ({RR} 10... a6 11. b4 cxb4 12. Nxb4 Qa5 13. a3 Qh5 14. Ncd5 Nxd5 15. Nxd5 e5 16. Rb6 Bg4 17. Re1 f5 18. f3 Bh3 19. Bxh3 Qxh3 20. Be3 f4 21. Bf2 Rf5 22. g4 Rg5 23. Nc3 e4 24. Nxe4 Rxg4+ 25. fxg4 {Maltsev,A-Kaikamdzozov,J Sofia 1966 0-1 (37)}) ({RR} 10... a6 11. a4 Ne8 12. Bd2 Qc8 13. b4 Bh3 14. b5 Bxg2 15. Kxg2 Ne5 16. Nd5 Bf6 17. Bh6 Ng7 18. Nxf6+ exf6 19. Bxg7 Kxg7 20. Ne3 axb5 21. axb5 h5 22. Qd2 Rh8 23. h4 Re8 24. Nd5 Qf5 25. Qf4 {Bravo,A-Figueiredo,F (2045) Lisbon 1998 ½-½}) 11. Re1 a6 12. a4 Nd4 13. Bg5 Nxc2 14. Qxc2 Bc6 15. e4 e6 16. b4 b6 17. bxc5 bxc5 18. Rxb8 Qxb8 19. e5 Ng4 20. Bxc6 Nxe5 21. Bg2 Qb4 22. Rb1 Qa5 23. Ne4 f5 24. Bd2 Qc7 25. Ng5 Re8 26. Rb7 Qc8 27. Qb1 h6 28. Nxe6 1-0